| 000 | 00580cam a2200193 a 4500 | ||
|---|---|---|---|
| 020 | _a0909605696 | ||
| 040 | _cDLC | ||
| 082 | 0 | 0 | _a665 INK 1991 A056 Or. |
| 245 | 0 | 0 |
_aEucalyptus leaf oils : _buse, chemistry, distillation, and marketing / |
| 260 |
_aMelbourne : _bInkata Press, _c1991. |
||
| 300 |
_axii, 252 p. : _bill., maps ; _c26 cm. |
||
| 650 | 0 | _aEucalyptus oil. | |
| 700 | 1 | _aBoland, D. J. | |
| 700 | 1 | _aBrophy, J. J. | |
| 700 | 1 | _aHouse, A. P. N. | |
| 710 | 2 | _aAustralian Centre for International Agricultural Research. | |
| 710 | 2 | _aCSIRO (Australia) | |
| 942 | _cEK | ||
| 999 |
_c15835 _d15835 |
||